Normal view MARC view
  • LOW, NICHOLAS

Entry Personal Name

Number of records used in: 2

001 - CONTROL NUMBER

  • control field: 85150

003 - CONTROL NUMBER IDENTIFIER

  • control field: NUST

005 - DATE AND TIME OF LATEST TRANSACTION

  • control field: 20211125122256.0

008 - FIXED-LENGTH DATA ELEMENTS

  • fixed length control field: 211125|| aca||aabn | a|a d

040 ## - CATALOGING SOURCE

  • Original cataloging agency: NUST
  • Transcribing agency: NUST

100 ## - HEADING--PERSONAL NAME

  • Personal name: LOW, NICHOLAS

670 ## - SOURCE DATA FOUND

  • Source citation: Work cat.: (NUST): LOW, NICHOLAS., TRANSFORMING URBAN TRANSPORT /, 2013.
© 2023 Central Library, National University of Sciences and Technology. All Rights Reserved.